O civismo passo a passo (Registo nº 4256)

Detalhes MARC
000 -Etiqueta do registo
Cabeçalho 00760cam a2200265 4500
005 - Identificador da versão
Campo de controlo 20240813122056.0
010 ## - Número internacional normalizado dos livros (ISBN)
Número (ISBN) 972877947X
Modalidade de aquisição e/ou preço ?9.95
021 ## - Número do Depósito Legal
Código do país PT
100 ## - Dados gerais de processamento
Dados gerais de processamento 20051220d2005 m y1pory5003 ba
102 ## - Pais de publicação ou produção
País de publicação Portugal
101 1# - Língua de publicação
Língua do texto, banda sonora, etc. Português
215 ## - Descrição física 
Indicação específica da natureza do documento e extensão da espécie 45, [5] p.
Outras indicações físicas il
200 1# - Titulo e menção de responsabilidade
Título próprio O civismo passo a passo
Primeira menção de responsabilidade Musée en Herbe, Nathalie Tordjman
Outras menções de responsabilidade il. Claude Lapointe
-- trad. Freitas e Silva
225 1# - Colecção 
Título próprio da colecção Passo a passo
210 ## - Publicação, Distribuição, etc. 
Lugar da edição, distribuição, etc. Lisboa
Nome do editor, distribuidor, etc. Miosótis
Data da publicação, distribuição, etc. 2005
675 ## - Classificação Decimal Universal (CDU)
Notação 37.017
Edição BN
Língua da edição por
702 #1 - Nome de autor-pessoa física (responsabilidade secundária)
Número de registo de entrada de autoridade 0000952
Palavra de ordem Lapointe
Outra parte do nome não tomada para palavra de ordem Claude
Código de função Ilustrador / Técnico de desenho computorizado
Número de registo de entrada de autoridade 0000953
Palavra de ordem Silva
Outra parte do nome não tomada para palavra de ordem Freitas e
Código de função Tradutor
701 #1 - Nome de autor-pessoa física (co-responsabilidade principal)
Palavra de ordem Tordjman
Outra parte do nome não tomada para palavra de ordem Nathalie
Código de função Autor / Co-autor
700 #1 - Nome de autor-pessoa física (responsabilidade principal)
Número de registo de entrada de autoridade 0000950
Palavra de ordem Herbe
Outra parte do nome não tomada para palavra de ordem Musée en
942 ## - Elementos de entrada adicionados (Koha)
Tipo de item no Koha Livro
Exemplares
Situação do levantamento Origin of item (home branch) (coded) Biblioteca de empréstimo Código de barras Cota Circulation type (not for loan) Tipo de documento Nota do exemplar Damaged status
  Biblioteca Escolar das Vendas Biblioteca Escolar das Vendas BEV1454 3PED GIR   Livro Sem mensagem